000 00341 a2200157 4500
001 47730
020 _a9788574124889
040 _cAnchieta - Aquarius
100 _aSchubert, Ingrid
240 1 0 _aO guarda-chuva
_lpor
245 1 0 _aO guarda-chuva
300 _a36
362 0 _a2014
650 4 _aLiteratura infanto-juvenil
942 _cBK
999 _c47730
_d47730